| 000 | 01320nam a2200229 a 4500 | ||
|---|---|---|---|
| 008 | 070507s1994 ||||||||||||||||| || u | ||
| 020 | _a058231271X | ||
| 050 | _aTX 911.3.M3 Kno | ||
| 100 | _aKnowles, Tim | ||
| 245 | 1 | 0 | _aHospitality management: an introduction |
| 250 | _a2nd ed. | ||
| 260 |
_aHarlow _bLongman _c1994 |
||
| 300 | _axii,310 pages : illustrations | ||
| 350 | _a0.00 | ||
| 650 | _aTOURISM | ||
| 650 | _aHOSPITALITY INDUSTRY--MANAGEMENT | ||
| 995 |
_aMAIN LIBRARY OPEN ACCESS _D0.00 _e737691 _FCBU-MAIN LIBRARY (Kitwe) _H1 _I0.00 _jTX 911.3.M3 Kno _M2 _UAVAILABLE _WMay 7, 2007 _y54893 _ZMain Library Open Access Collection |
||
| 995 |
_aANNEX COLLECTION (Main Library) _D0.00 _e737693 _FCBU-MAIN LIBRARY (Kitwe) _H1 _I0.00 _jTX 911.3.M3 Kno _M3 _UAVAILABLE _WMay 7, 2007 _y54895 _ZAnnex Low-Usage Collection |
||
| 995 |
_aANNEX COLLECTION (Main Library) _D0.00 _e737694 _FCBU-MAIN LIBRARY (Kitwe) _H1 _I0.00 _jTX 911.3.M3 Kno _M1 _UAVAILABLE _WMay 7, 2007 _y54894 _ZAnnex Low-Usage Collection |
||
| 995 |
_aTEXTBOOKS (SNR) _D0.00 _e4104 _FCBU-SCHOOL TEXTBOOK COLLECTIONS _H1 _I0.00 _jSCHOOL TEXTBOOK _M5 _UAVAILABLE _WAug 4, 2009 _y4104 _ZSchool Collections |
||
| 995 |
_aMAIN LIBRARY OPEN ACCESS _D0.00 _e737692 _FCBU-MAIN LIBRARY (Kitwe) _H1 _I0.00 _jTX 911.3.M3 KNO _M4 _UAVAILABLE _WMay 7, 2007 _y54896 _ZMain Library Open Access Collection |
||
| 999 |
_c76341 _d76341 |
||